书目信息 |
| 题名: |
与鲨共泳
|
|
| 作者: | 麦凯, 著 ;乔江涛 译 | |
| 分册: | ||
| 出版信息: | 北京 中信出版社 2006.01 |
|
| 页数: | 194页 | |
| 开本: | 23cm | |
| 丛书名: | ||
| 单 册: | ||
| 中图分类: | F715-49 | |
| 科图分类: | ||
| 主题词: | 商业经营--shang ye jing ying--通俗读物 | |
| 电子资源: | ||
| ISBN: | 7-5086-0512-8 | |
| 000 | 01093nam0 2200241 450 | |
| 001 | 012006135900 | |
| 005 | 20060411155306.26 | |
| 010 | @a7-5086-0512-8@dCNY26.00 | |
| 100 | @a20060411d2006 km y0chiy0120 ea | |
| 101 | 1 | @achi@ceng |
| 102 | @aCN@b110000 | |
| 105 | @ay z 000yy | |
| 200 | 1 | @a与鲨共泳@Ayu sha gong yong@e顶级人脉专家教你赢得销售、谈判、管理优势@f(美) 哈维·麦凯著@F(mei)ha wei·mai kai zhu@g乔江涛译@Gqiao jiang tao yi |
| 210 | @a北京@c中信出版社@d2006.01 | |
| 215 | @a194页@d23cm | |
| 330 | @a就像与鲨鱼共泳一样,你必须时刻使自己掌握销售、管理等各方面的策略,才能保证在商场中获得生存。本书是作者麦凯对现实商场环境与人性弱点的经验结晶。他不拘泥于理论,在学理中糅合了洞察人性的了解,将30年来积累精练的商场智慧。 | |
| 517 | 1 | @a顶级人脉专家教你赢得销售、谈判、管理优势@Ading ji ren mai zhuan jia jiao ni ying de xiao shou、tan pan、guan li you shi |
| 606 | 0 | @a商业经营@Ashang ye jing ying@j通俗读物 |
| 690 | @aF715-49@v4 | |
| 701 | 1 | @a麦凯,@Amai kai,@b哈维@4著 |
| 702 | 0 | @a乔江涛@Aqiao jiang tao@4译 |
| 801 | 0 | @aCN@bQSSK@c20060411 |
| 905 | @a10447@dF715-49@eM280 | |
| 与鲨共泳:顶级人脉专家教你赢得销售、谈判、管理优势/(美) 哈维·麦凯著/乔江涛译.-北京:中信出版社,2006.01 |
| 194页;23cm |
| ISBN 7-5086-0512-8:CNY26.00 |
| 就像与鲨鱼共泳一样,你必须时刻使自己掌握销售、管理等各方面的策略,才能保证在商场中获得生存。本书是作者麦凯对现实商场环境与人性弱点的经验结晶。他不拘泥于理论,在学理中糅合了洞察人性的了解,将30年来积累精练的商场智慧。 |
| ● |
| 相关链接 |
|
|
|
正题名:与鲨共泳
索取号:F715-49/M280
 
预约/预借
| 序号 | 登录号 | 条形码 | 馆藏地/架位号 | 状态 | 备注 |
| 1 | 557680 | 205576802 | 社科库409/409社科库 45排5列1层/ [索取号:F715-49/M280] | 在馆 | |
| 2 | 557681 | 205576811 | 社科库409/409社科库 45排5列1层/ [索取号:F715-49/M280] | 在馆 | |
| 3 | 557682 | 205576820 | 社科库409/409社科库 45排5列1层/ [索取号:F715-49/M280] | 在馆 |